000 00346 a2200157 4500
001 160525
020 _a
040 _cMagnum
100 _aSilva, Dirce Bastos Pereira da
240 1 0 _aPais amigos ou censores ?
_lpor
245 1 0 _aPais amigos ou censores ?
362 0 _a1899
440 1 _aPaulinas
697 _aSEM ASSUNTO
942 _cBK
999 _c160525
_d160525